000 00591nam a2200169 a 4500
001 000040394
005 20201002034115.0
008 130823s1996 dr 000 0 spa d
040 _aDO-SdBNP
_bspa
_cBNPHU
100 1 _aVillegas Quintero, Efraín
_92033
245 1 3 _aEl libro del saber consciente /
_cEfraín Villegas Quintero, prólogo Irmgard de Villegas.
250 _a3a ed.
260 _aSanto Domingo :
_bCorripio,
_c1996.
300 _a230 p. ;
_c20 cm.
500 _aIncluye datos biográficos del autor en la solapa de la cubierta
700 1 _aVillegas, Irmgard de,
_epról.
_966697
999 _c39884
_d39884